Vorurteile und Realität der Nationalitätenbeziehungen in Böhmen in der ersten Hälfte des 20. Jahrhunderts am Beispiel des Bankenwesens

Titel: Vorurteile und Realität der Nationalitätenbeziehungen in Böhmen in der ersten Hälfte des 20. Jahrhunderts am Beispiel des Bankenwesens
Verfasser:
Beteiligt:
In: Kontakte und Konflikte, (1993), Seite 395-400
alle Artikel anzeigen
Veröffentlicht: 1993
Format: Aufsatz
Sprache: Deutsch
Kein Bild verfügbar
X
alg: 39222290
001A    $01999:11-11-16 
001B    $01999:26-04-21 $t20:16:05.000 
001D    $01999:11-11-16 
001U    $0utf8 
001X    $00 
002@    $0Aox 
003@    $0392222906 
007A    $0392222906 $aHEB 
007T    $0Herdc0042803m 
010@    $ager 
011@    $a1993 
021A    $aVorurteile und Realität der Nationalitätenbeziehungen in Böhmen in der ersten Hälfte des 20. Jahrhunderts am Beispiel des Bankenwesens 
028A    $71014052734 $8Šouša, Jiří$Z1952- [Tp1] $9271862076 
028B/01 $aNovotný $dJiří 
031A    $h395-400 $j1993 
039B    $aIn $8--Aauc--. @Kontakte und Konflikte. - Horn {[u.a.] : Waldviertler Heimatbund, 1993. - 553 S.. - Ill., graph. Darst., Kt.. - ISBN 3-900708-10-X $x199300000000000605 $9027138232 
045F    $a330.094371 $eDDC23BSB 
045F/01 $a330.09 
045F/03 $g4371 

lok: 39222290 78

exp: 39222290 78 1 #EPN
201B/01 $026-11-17 $t01:02:21.000 
201U/01 $0utf8 
203@/01 $0788319167 
208@/01 $a11-11-16 $be 
209A/01 $a/ $f000 $x00 
220C/01 $aTitelaufnehmer: nk;an 
220C/01 $aHerkunft: HI Marburg 
244Z/01 $#Tschechien $#Tschechische Republik $#Tschechische Republik $#Tschechenland $#Tschechei Tschechien $#Česká Republika $#Czech Republic $#ČR $74303381-7 $8--Tg1--Tschechien $x01 $9086659812 
244Z/01 $2Trx $#Böhmen $#Bohemia $#Czechy $8--Trx--Čechy $x02 $9391188941 
244Z/01 $aGeschichte 1868-1937 $x03 
244Z/01 $2Trx $#pankandus $#bankininkystė $#banking $#bankügyek $#bankowość $#bankovníctvo $#bankovnictví $8--Trx--Bankwesen $x04 $9391375989 
244Z/01 $2Trx $#suhted, riiklikud $#santykiai, tautiniai $#relations, national $#kapcsolatok, nemzetközi $#stosunki narodowościowe $#vzťahy národnostné $#vztahy národnostní $8--Trx--Beziehungen, nationale $x05 $9391365924 
244Z/01 $2Trx $#tööstus $#pramonė $#industry $#ipar $#przemysł $#priemysel $#průmysl $8--Trx--Industrie $x06 $9391373447 
244Z/01 $2Trx $8--Trx--Einzelbeiträge $x07 $9391384570 
245Z/01 $a09.07 $x01 
247C/01 $82080>Marburg/Lahn, Herder-Institut, Forschungsbibliothek, Bibliographieportal $9336309341
LEADER 00000caa a22000002c 4500
001 392222906
003 DE-603
005 20210426201605.0
007 tu
008 161111s1993 xx |||| | u00||u|ger c
035 |a (DE-599)HEB392222906 
040 |a DE-603  |b ger  |c DE-603  |d DE-603 
041 |a ger 
082 0 4 |8 1\u  |a 330.094371  |q DE-101  |2 23/BSB 
085 |8 1\u  |b 330.09 
085 |8 1\u  |z 2  |s 4371 
100 1 |a Šouša, Jiří  |d 1952-  |0 (DE-603)271862076  |0 (DE-588)1014052734  |2 gnd 
245 0 0 |a Vorurteile und Realität der Nationalitätenbeziehungen in Böhmen in der ersten Hälfte des 20. Jahrhunderts am Beispiel des Bankenwesens 
264 0 |c 1993 
700 1 |a Novotný, Jiří 
773 0 8 |i In  |t Kontakte und Konflikte  |d Horn ˜[u.a.] œ: Waldviertler Heimatbund, 1993  |h 553 S., Ill., graph. Darst., Kt.  |z 390070810X  |g (1993), Seite 395-400  |w (DE-603)027138232 
924 0 |9 2080  |a (DE-603)788319167  |b DE-2080  |c HES  |d d  |g /